Student laboratory manual for physical examination & health assessment
This comprehensive student workbook is prepared by Carolyn Jarvis to accompany the core text, Physical Examination and Health Assessment, 4th Edition. It contains the following elements for each chapter:Purpose, Reading assignment, Audio-visual assignment, Glossary of key terms, Study guide with a v...
Na minha lista:
| Autor principal: | |
|---|---|
| Formato: | Livro |
| Idioma: | Undetermined |
| Publicado em: |
St. Louis ( Missouri )
Saunders
2004
|
| Assuntos: | |
| Tags: |
Adicionar Tag
Sem tags, seja o primeiro a adicionar uma tag!
|
| Thư viện lưu trữ: | Trung tâm Học liệu Trường Đại học Cần Thơ |
|---|
| LEADER | 01243nam a2200205Ia 4500 | ||
|---|---|---|---|
| 001 | CTU_126556 | ||
| 008 | 210402s9999 xx 000 0 und d | ||
| 020 | |c 24.67 | ||
| 082 | |a 616.0754 | ||
| 082 | |b J38 | ||
| 100 | |a Jarvis, Carolyn | ||
| 245 | 0 | |a Student laboratory manual for physical examination & health assessment | |
| 245 | 0 | |c Jarvis Carolyn | |
| 260 | |a St. Louis ( Missouri ) | ||
| 260 | |b Saunders | ||
| 260 | |c 2004 | ||
| 520 | |a This comprehensive student workbook is prepared by Carolyn Jarvis to accompany the core text, Physical Examination and Health Assessment, 4th Edition. It contains the following elements for each chapter:Purpose, Reading assignment, Audio-visual assignment, Glossary of key terms, Study guide with a variety of learning activities, including multiple-choice review questions, short answer, anatomy and physiology review, and matching Assessment video critical thinking questions, Clinical objectives Regional write-up sheets, Student performance checklists. Appendixes include answers to review questions, as well as several helpful reference charts. | ||
| 650 | |a Physical diagnosis.,Nursing assessment. | ||
| 904 | |i Minh, Huỳnh Mai | ||
| 980 | |a Trung tâm Học liệu Trường Đại học Cần Thơ | ||